[Event "RUS-ch Women Rapid 2019"]
[Site "Sochi"]
[Date "2019.10.16"]
[Round "10.12"]
[White "Shafigullina, Zarina"]
[Black "Trapeznikova, Darya"]
[Result "1-0"]
[WhiteElo "2295"]
[BlackElo "2052"]
[Annotator "NA"]
[PlyCount "103"]
[EventDate "2019.10.15"]
[EventType "swiss"]
[EventCountry "RUS"]
[SourceTitle "playchess.com"]
[Source "ChessBase"]
[SourceQuality "1"]
[TimeControl "900+10"]

1. d4 {[%emt 0:00:00]} d5 {[%emt 0:00:00]} 2. Nf3 {[%emt 0:00:00]} c6 {[%emt 0:00:00]} 3. g3 {[%emt 0:00:00]} Nf6 {[%emt 0:00:08]} 4. Bg2 {[%emt 0:00:05]} e6 {[%emt 0:00:02]} 5. O-O {[%emt 0:00:04]} Bd6 {[%emt 0:00:27]} 6. Nbd2 {[%emt 0:00:20]} O-O {[%emt 0:00:12]} 7. c4 {[%emt 0:00:05]} Nbd7 {[%emt 0:00:20]} 8. Re1 {[%emt 0:00:08]} b6 {[%emt 0:00:16]} 9. Qc2 {[%emt 0:00:04]} Bb7 {[%emt 0:00:07]} 10. b3 {[%emt 0:00:47]} Rc8 {[%emt 0:02:11]} 11. e4 {[%emt 0:01:01]} dxe4 {[%emt 0:00:08]} 12. Nxe4 {[%emt 0:00:01]} Nxe4 {[%emt 0:00:13]} 13. Qxe4 {[%emt 0:00:03]} Nf6 {[%emt 0:00:07]} 14. Qe2 {[%emt 0:00:46]} c5 {[%emt 0:00:29]} 15. Rd1 {[%emt 0:00:01]} Qe7 {[%emt 0:00:48]} 16. Bb2 {[%emt 0:00:11]} Rfd8 {[%emt 0:00:23]} 17. Rd2 {[%emt 0:00:47]} cxd4 {[%emt 0:00:23]} 18. Nxd4 {[%emt 0:00:50]} Bxg2 {[%emt 0:00:18]} 19. Kxg2 {[%emt 0:00:01]} Bc5 {[%emt 0:01:34]} 20. Rad1 {[%emt 0:00:26]} Qb7+ {[%emt 0:03:17]} 21. Qf3 {[%emt 0:00:33]} Qxf3+ {[%emt 0:00:16]} 22. Kxf3 {[%emt 0:00:06]} Bb4 {[%emt 0:00:20]} 23. Re2 {[%emt 0:00:36]} Rd7 {[%emt 0:00:53]} 24. a3 {[%emt 0:00:56]} Bc5 {[%emt 0:00:05]} 25. Red2 {[%emt 0:00:09]} Rcd8 {[%emt 0:00:23]} 26. b4 {[%emt 0:01:17]} Be7 {[%emt 0:00:26]} 27. Nb3 {[%emt 0:01:07]} Rxd2 {[%emt 0:00:06]} 28. Rxd2 {[%emt 0:00:01]} Rxd2 {[%emt 0:00:39]} 29. Nxd2 {[%emt 0:00:02]} Kf8 {[%emt 0:00:06]} 30. Nb3 {[%emt 0:00:10]} Ke8 {[%emt 0:00:08]} 31. Nd4 {[%emt 0:00:12]} Kd7 {[%emt 0:00:05]} 32. h3 {[%emt 0:00:39]} a6 {[%emt 0:00:48]} 33. Ke3 {[%emt 0:00:43]} h5 {[%emt 0:00:23]} 34. Nf3 {[%emt 0:00:17]} Ke8 {[%emt 0:03:05]} 35. Ne5 {[%emt 0:00:59]} g6 {[%emt 0:00:13]} 36. Bd4 {[%emt 0:02:13]} a5 {[%emt 0:00:37]} 37. Nc6 {[%emt 0:01:27]} axb4 {[%emt 0:00:21]} 38. Nxe7 {[%emt 0:02:22]} Kxe7 {[%emt 0:00:01]} 39. Bxf6+ {[%emt 0:00:02]} Kxf6 {[%emt 0:00:01]} 40. axb4 {[%emt 0:00:01]} Ke5 {[%emt 0:00:05]} 41. f4+ {[%emt 0:00:12]} Kd6 {[%emt 0:00:01]} 42. Ke4 {[%emt 0:00:02]} f6 {[%emt 0:00:04]} 43. Kd4 {[%emt 0:02:01]} Kc6 {[%emt 0:00:36]} 44. g4 {[%emt 0:00:01]} hxg4 {[%emt 0:00:02]} 45. hxg4 {[%emt 0:00:01]} Kd6 {[%emt 0:00:12]} 46. g5 {[%emt 0:00:30]} e5+ {[%emt 0:00:33]} 47. fxe5+ {[%emt 0:00:06]} fxe5+ {[%emt 0:00:01]} 48. Ke4 {[%emt 0:00:01]} Ke6 {[%emt 0:00:02]} 49. c5 {[%emt 0:00:08]} b5 {[%emt 0:00:21]} 50. c6 {[%emt 0:00:01]} Kd6 {[%emt 0:00:02]} 51. c7 {[%emt 0:00:01]} Kxc7 {[%emt 0:00:01]} 52. Kxe5 {[%emt 0:00:01]} 1-0

[Event "RUS-ch Women Rapid 2019"]
[Site "Sochi"]
[Date "2019.10.16"]
[Round "11.1"]
[White "Pogonina, Natalija"]
[Black "Goltseva, Ekaterina"]
[Result "0-1"]
[WhiteElo "2501"]
[BlackElo "2317"]
[Annotator "ChessBase"]
[PlyCount "80"]
[EventDate "2019.10.15"]
[EventType "swiss"]
[EventCountry "RUS"]
[SourceTitle "playchess.com"]
[Source "ChessBase"]
[SourceQuality "1"]
[TimeControl "900+10"]

1. d4 {[%emt 0:00:00]} d5 {[%emt 0:00:00]} 2. c4 {[%emt 0:00:00]} dxc4 {[%emt 0:00:00]} 3. Nf3 {[%emt 0:00:05]} a6 {[%emt 0:00:00]} 4. a4 {[%emt 0:00:08]} Nf6 {[%emt 0:00:21]} 5. e3 {[%emt 0:00:05]} Bg4 {[%emt 0:00:03]} 6. h3 {[%emt 0:00:09]} Bh5 {[%emt 0:00:02]} 7. Bxc4 {[%emt 0:00:04]} e6 {[%emt 0:00:08]} 8. O-O {[%emt 0:00:11]} Nc6 {[%emt 0:00:03]} 9. Nc3 {[%emt 0:00:04]} Bd6 {[%emt 0:00:45]} 10. Be2 {[%emt 0:00:09]} O-O {[%emt 0:00:04]} 11. e4 {[%emt 0:00:11]} Bxf3 {[%emt 0:00:08]} 12. Bxf3 {[%emt 0:00:29]} Nxd4 {[%emt 0:00:02]} 13. e5 {[%emt 0:00:43]} Nxf3+ {[%emt 0:01:20]} 14. Qxf3 {[%emt 0:00:02]} Bxe5 {[%emt 0:00:02]} 15. Qxb7 {[%emt 0:00:04]} Qd3 {[%emt 0:02:22]} 16. Qc6 {[%emt 0:00:32]} Qd6 {[%emt 0:00:39]} 17. Qc4 {[%emt 0:00:31]} Rfd8 {[%emt 0:02:10]} 18. Be3 {[%emt 0:00:29]} Nd5 {[%emt 0:00:57]} 19. Bg5 {[%emt 0:01:13]} f6 {[%emt 0:00:23]} 20. Be3 {[%emt 0:02:29]} Rab8 {[%emt 0:02:38]} 21. Ne4 {[%emt 0:05:43]} Qb4 {[%emt 0:00:22]} 22. Qxb4 {[%emt 0:00:03]} Rxb4 {[%emt 0:00:08]} 23. Nc5 {[%emt 0:00:03]} Nxe3 {[%emt 0:00:29]} 24. fxe3 {[%emt 0:00:04]} Rxb2 {[%emt 0:00:54]} 25. Rad1 {[%emt 0:00:41]} Rxd1 {[%emt 0:01:04]} 26. Rxd1 {[%emt 0:00:02]} Bd6 {[%emt 0:00:29]} 27. Nxe6 {[%emt 0:00:18]} Rb4 {[%emt 0:00:55]} 28. Rc1 {[%emt 0:00:48]} Rxa4 {[%emt 0:01:07]} 29. Nxc7 {[%emt 0:00:04]} Ra2 {[%emt 0:00:42]} 30. Ne6 {[%emt 0:01:45]} a5 {[%emt 0:00:28]} 31. Nd4 {[%emt 0:00:18]} a4 {[%emt 0:00:23]} 32. Nf5 {[%emt 0:00:42]} Be5 {[%emt 0:00:11]} 33. Rc4 {[%emt 0:00:03]} a3 {[%emt 0:00:30]} 34. Ra4 {[%emt 0:00:02]} g6 {[%emt 0:00:31]} 35. Nh6+ {[%emt 0:00:56]} Kg7 {[%emt 0:00:05]} 36. Ng4 {[%emt 0:00:01]} Bg3 {[%emt 0:00:03]} 37. Ra7+ {[%emt 0:00:05]} Kf8 {[%emt 0:00:06]} 38. Kf1 {[%emt 0:00:04]} h5 {[%emt 0:00:05]} 39. Nh6 {[%emt 0:00:23]} Rf2+ {[%emt 0:00:33]} 40. Kg1 {[%emt 0:00:03]} Re2 {[%emt 0:00:04]} 0-1

[Event "RUS-ch Women Rapid 2019"]
[Site "Sochi"]
[Date "2019.10.16"]
[Round "11.2"]
[White "Voit, Daria"]
[Black "Kovanova, Baira"]
[Result "1-0"]
[WhiteElo "2361"]
[BlackElo "2288"]
[Annotator "NA"]
[PlyCount "51"]
[EventDate "2019.10.15"]
[EventType "swiss"]
[EventCountry "RUS"]
[SourceTitle "playchess.com"]
[Source "ChessBase"]
[SourceQuality "1"]
[TimeControl "900+10"]

1. d4 {[%emt 0:00:00]} Nf6 {[%emt 0:00:00]} 2. Nf3 {[%emt 0:00:00]} e6 {[%emt 0:00:00]} 3. c4 {[%emt 0:00:00]} Bb4+ {[%emt 0:00:03]} 4. Bd2 {[%emt 0:00:07]} c5 {[%emt 0:00:31]} 5. Bxb4 {[%emt 0:01:03]} cxb4 {[%emt 0:00:02]} 6. e3 {[%emt 0:00:04]} Nc6 {[%emt 0:00:23]} 7. Nbd2 {[%emt 0:00:02]} O-O {[%emt 0:00:09]} 8. Qc2 {[%emt 0:00:05]} a5 {[%emt 0:00:43]} 9. Bd3 {[%emt 0:00:04]} d6 {[%emt 0:00:04]} 10. O-O {[%emt 0:00:36]} e5 {[%emt 0:00:17]} 11. h3 {[%emt 0:00:12]} Re8 {[%emt 0:00:18]} 12. Rfd1 {[%emt 0:00:39]} Qb6 {[%emt 0:00:18]} 13. c5 {[%emt 0:01:05]} dxc5 {[%emt 0:01:00]} 14. dxc5 {[%emt 0:00:03]} Qc7 {[%emt 0:00:05]} 15. Ne4 {[%emt 0:00:18]} Nxe4 {[%emt 0:00:12]} 16. Bxe4 {[%emt 0:00:01]} h6 {[%emt 0:00:08]} 17. Rd6 {[%emt 0:00:22]} a4 {[%emt 0:03:54]} 18. Bxc6 {[%emt 0:01:15]} bxc6 {[%emt 0:00:06]} 19. Qe4 {[%emt 0:00:05]} Be6 {[%emt 0:06:53]} 20. Qxc6 {[%emt 0:01:54]} Qe7 {[%emt 0:00:03]} 21. Qb5 {[%emt 0:00:47]} Reb8 {[%emt 0:00:46]} 22. Rb6 {[%emt 0:00:03]} Rc8 {[%emt 0:00:46]} 23. c6 {[%emt 0:00:16]} b3 {[%emt 0:00:58]} 24. axb3 {[%emt 0:00:09]} Bxb3 {[%emt 0:00:11]} 25. Qxe5 {[%emt 0:00:26]} Qa7 {[%emt 0:00:18]} 26. Rxb3 {[%emt 0:00:22]} 1-0

[Event "RUS-ch Women Rapid 2019"]
[Site "Sochi"]
[Date "2019.10.16"]
[Round "11.3"]
[White "Chernyak, Viktoria"]
[Black "Bodnaruk, Anastasia"]
[Result "0-1"]
[WhiteElo "2284"]
[BlackElo "2449"]
[Annotator "NA"]
[PlyCount "106"]
[EventDate "2019.10.15"]
[EventType "swiss"]
[EventCountry "RUS"]
[SourceTitle "playchess.com"]
[Source "ChessBase"]
[SourceQuality "1"]
[TimeControl "900+10"]

1. c4 {[%emt 0:00:00]} e5 {[%emt 0:00:00]} 2. g3 {[%emt 0:00:00]} Nc6 {[%emt 0:00:00]} 3. Bg2 {[%emt 0:00:00]} g6 {[%emt 0:00:00]} 4. Nc3 {[%emt 0:00:01]} Bg7 {[%emt 0:00:00]} 5. d3 {[%emt 0:00:08]} d6 {[%emt 0:00:01]} 6. e4 {[%emt 0:00:30]} f5 {[%emt 0:00:20]} 7. Nge2 {[%emt 0:00:42]} Nf6 {[%emt 0:00:01]} 8. O-O {[%emt 0:00:42]} O-O {[%emt 0:00:02]} 9. exf5 {[%emt 0:00:34]} Bxf5 {[%emt 0:00:51]} 10. Nd5 {[%emt 0:00:26]} Nxd5 {[%emt 0:00:21]} 11. Bxd5+ {[%emt 0:00:08]} Kh8 {[%emt 0:00:01]} 12. Be3 {[%emt 0:00:58]} Qd7 {[%emt 0:01:08]} 13. Qd2 {[%emt 0:00:07]} Bh3 {[%emt 0:00:22]} 14. Rfe1 {[%emt 0:00:34]} Qf5 {[%emt 0:01:04]} 15. Be4 {[%emt 0:00:13]} Qh5 {[%emt 0:00:17]} 16. b4 {[%emt 0:00:53]} Rad8 {[%emt 0:02:05]} 17. b5 {[%emt 0:00:53]} Ne7 {[%emt 0:00:01]} 18. Kh1 {[%emt 0:03:28]} d5 {[%emt 0:01:30]} 19. cxd5 {[%emt 0:00:03]} Nxd5 {[%emt 0:00:01]} 20. Ng1 {[%emt 0:00:08]} Bf5 {[%emt 0:01:21]} 21. Bf3 {[%emt 0:00:15]} Bg4 {[%emt 0:00:06]} 22. Bg2 {[%emt 0:00:51]} Nxe3 {[%emt 0:01:38]} 23. fxe3 {[%emt 0:00:34]} e4 {[%emt 0:00:31]} 24. d4 {[%emt 0:00:52]} Qxb5 25. Bxe4 {[%emt 0:00:08]} c5 {[%emt 0:02:36]} 26. Rab1 {[%emt 0:00:07]} Qa4 {[%emt 0:00:39]} 27. Rxb7 {[%emt 0:01:38]} cxd4 {[%emt 0:00:01]} 28. exd4 {[%emt 0:00:01]} Rxd4 {[%emt 0:00:13]} 29. Qg2 {[%emt 0:00:08]} Qa5 {[%emt 0:01:22]} 30. Rf1 {[%emt 0:00:32]} Rdd8 {[%emt 0:01:08]} 31. h3 {[%emt 0:01:37]} Bc8 {[%emt 0:00:06]} 32. Rbb1 {[%emt 0:00:21]} Be6 {[%emt 0:00:23]} 33. Rb7 {[%emt 0:01:04]} Rxf1 {[%emt 0:00:31]} 34. Qxf1 {[%emt 0:00:01]} Qxa2 {[%emt 0:00:09]} 35. Qf4 {[%emt 0:00:27]} Qa1 {[%emt 0:01:07]} 36. Rb8 {[%emt 0:00:12]} Rg8 {[%emt 0:00:30]} 37. Rb7 {[%emt 0:01:28]} Bd4 {[%emt 0:00:24]} 38. Rb1 {[%emt 0:00:22]} Qa4 {[%emt 0:00:16]} 39. Bg2 {[%emt 0:00:08]} Rd8 {[%emt 0:00:10]} 40. Nf3 {[%emt 0:00:03]} Bf5 {[%emt 0:00:08]} 41. Rb8 {[%emt 0:00:08]} Qd1+ {[%emt 0:00:11]} 42. Kh2 {[%emt 0:00:01]} Bg7 {[%emt 0:00:11]} 43. Rb7 {[%emt 0:00:16]} h6 {[%emt 0:00:07]} 44. Rxa7 {[%emt 0:00:08]} Rc8 {[%emt 0:00:09]} 45. g4 {[%emt 0:00:10]} Be6 {[%emt 0:00:13]} 46. Rc7 {[%emt 0:00:16]} Rd8 {[%emt 0:00:10]} 47. Ne5 {[%emt 0:00:10]} Qb1 {[%emt 0:00:08]} 48. Nf3 {[%emt 0:00:18]} Qa1 {[%emt 0:00:13]} 49. Qe4 {[%emt 0:00:09]} Bd5 {[%emt 0:00:05]} 50. Qe7 {[%emt 0:00:08]} Rg8 {[%emt 0:00:12]} 51. Ra7 {[%emt 0:00:06]} Qb2 {[%emt 0:00:04]} 52. Qe3 {[%emt 0:00:13]} Bxf3 {[%emt 0:00:12]} 53. Qxf3 {[%emt 0:00:02]} Qb8+ {[%emt 0:00:01]} 0-1

[Event "RUS-ch Women Rapid 2019"]
[Site "Sochi"]
[Date "2019.10.16"]
[Round "11.4"]
[White "Charochkina, Daria"]
[Black "Sukhareva, Evgeniya"]
[Result "1-0"]
[WhiteElo "2289"]
[BlackElo "2122"]
[Annotator "NA"]
[PlyCount "49"]
[EventDate "2019.10.15"]
[EventType "swiss"]
[EventCountry "RUS"]
[SourceTitle "playchess.com"]
[Source "ChessBase"]
[SourceQuality "1"]
[TimeControl "900+10"]

1. d4 {[%emt 0:00:00]} Nf6 {[%emt 0:00:00]} 2. Bg5 {[%emt 0:00:00]} c5 {[%emt 0:00:13]} 3. Nc3 {[%emt 0:00:00]} cxd4 {[%emt 0:00:21]} 4. Qxd4 {[%emt 0:00:00]} Nc6 {[%emt 0:00:01]} 5. Qd2 {[%emt 0:00:00]} e6 {[%emt 0:00:11]} 6. O-O-O {[%emt 0:00:16]} Be7 {[%emt 0:00:12]} 7. e4 {[%emt 0:00:35]} a6 {[%emt 0:01:21]} 8. f4 {[%emt 0:00:12]} d6 {[%emt 0:00:05]} 9. Nf3 {[%emt 0:00:12]} Qc7 {[%emt 0:00:24]} 10. Kb1 {[%emt 0:01:37]} O-O {[%emt 0:00:40]} 11. g4 {[%emt 0:00:29]} Nxg4 {[%emt 0:03:39]} 12. Bxe7 {[%emt 0:00:29]} Qxe7 {[%emt 0:00:12]} 13. Rg1 {[%emt 0:00:01]} Nf6 {[%emt 0:00:17]} 14. e5 {[%emt 0:00:24]} dxe5 {[%emt 0:02:02]} 15. fxe5 {[%emt 0:00:01]} Ne8 {[%emt 0:02:04]} 16. Ne4 {[%emt 0:01:35]} Kh8 {[%emt 0:00:42]} 17. Bd3 {[%emt 0:01:37]} Nb4 {[%emt 0:02:50]} 18. Rxg7 {[%emt 0:03:35]} Kxg7 {[%emt 0:01:50]} 19. Rg1+ {[%emt 0:00:02]} Kh8 {[%emt 0:00:01]} 20. Nf6 {[%emt 0:00:01]} Nxf6 {[%emt 0:00:59]} 21. Qh6 {[%emt 0:00:03]} Rg8 {[%emt 0:00:14]} 22. Rxg8+ {[%emt 0:01:07]} Kxg8 {[%emt 0:00:08]} 23. exf6 {[%emt 0:00:02]} Qxf6 {[%emt 0:00:12]} 24. Bxh7+ {[%emt 0:00:24]} Kh8 {[%emt 0:00:03]} 25. Qxf6+ {[%emt 0:00:02]} 1-0

[Event "RUS-ch Women Rapid 2019"]
[Site "Sochi"]
[Date "2019.10.16"]
[Round "11.5"]
[White "Styazhkina, Anna"]
[Black "Borisova, Ekaterina"]
[Result "0-1"]
[WhiteElo "2280"]
[BlackElo "2347"]
[Annotator "NA"]
[PlyCount "102"]
[EventDate "2019.10.15"]
[EventType "swiss"]
[EventCountry "RUS"]
[SourceTitle "playchess.com"]
[Source "ChessBase"]
[SourceQuality "1"]
[TimeControl "900+10"]

1. e4 {[%emt 0:00:00]} c5 {[%emt 0:00:00]} 2. Nf3 {[%emt 0:00:00]} d6 {[%emt 0:00:00]} 3. d4 {[%emt 0:00:00]} cxd4 {[%emt 0:00:00]} 4. Qxd4 {[%emt 0:00:02]} Nc6 {[%emt 0:00:00]} 5. Bb5 {[%emt 0:00:06]} Bd7 {[%emt 0:00:00]} 6. Qd3 {[%emt 0:00:01]} Nf6 {[%emt 0:00:01]} 7. c4 {[%emt 0:00:03]} g6 {[%emt 0:00:01]} 8. Nc3 {[%emt 0:00:02]} Bg7 {[%emt 0:00:01]} 9. O-O {[%emt 0:00:03]} O-O {[%emt 0:00:02]} 10. h3 {[%emt 0:00:03]} a6 {[%emt 0:00:01]} 11. Bxc6 {[%emt 0:00:02]} Bxc6 {[%emt 0:00:02]} 12. Be3 {[%emt 0:00:07]} Rc8 {[%emt 0:00:06]} 13. Rac1 {[%emt 0:00:04]} Nd7 {[%emt 0:00:09]} 14. Nd4 {[%emt 0:00:55]} Nc5 {[%emt 0:00:03]} 15. Qb1 {[%emt 0:00:10]} Ne6 {[%emt 0:00:33]} 16. Rfd1 {[%emt 0:00:31]} Nxd4 {[%emt 0:02:50]} 17. Bxd4 {[%emt 0:00:02]} Bh6 {[%emt 0:00:01]} 18. Rc2 {[%emt 0:01:14]} b5 {[%emt 0:00:26]} 19. c5 {[%emt 0:00:23]} b4 {[%emt 0:03:13]} 20. Nd5 {[%emt 0:00:03]} e5 {[%emt 0:00:32]} 21. Be3 {[%emt 0:04:01]} Bxe3 {[%emt 0:00:06]} 22. fxe3 {[%emt 0:00:35]} Bxd5 {[%emt 0:00:13]} 23. Rxd5 {[%emt 0:00:30]} Qg5 {[%emt 0:00:02]} 24. Qc1 {[%emt 0:00:19]} dxc5 {[%emt 0:00:26]} 25. Rcxc5 {[%emt 0:00:06]} Rxc5 {[%emt 0:01:42]} 26. Qxc5 {[%emt 0:00:07]} Re8 {[%emt 0:00:01]} 27. Rd3 {[%emt 0:00:22]} a5 {[%emt 0:02:25]} 28. Qxa5 {[%emt 0:00:32]} Rc8 {[%emt 0:00:04]} 29. Qa4 {[%emt 0:07:22]} Qg3 {[%emt 0:01:19]} 30. Qd1 {[%emt 0:00:24]} Rc4 {[%emt 0:00:05]} 31. a3 {[%emt 0:01:29]} bxa3 {[%emt 0:00:15]} 32. bxa3 {[%emt 0:00:17]} Rxe4 {[%emt 0:00:21]} 33. Qf3 {[%emt 0:00:14]} Qe1+ {[%emt 0:00:13]} 34. Kh2 {[%emt 0:00:02]} f5 {[%emt 0:00:51]} 35. a4 {[%emt 0:00:09]} h5 {[%emt 0:01:29]} 36. Rb3 {[%emt 0:00:21]} h4 {[%emt 0:00:19]} 37. Rb8+ {[%emt 0:00:12]} Kg7 {[%emt 0:00:03]} 38. Rb3 {[%emt 0:00:10]} Kh6 {[%emt 0:00:17]} 39. Ra3 {[%emt 0:00:10]} Rb4 {[%emt 0:01:06]} 40. e4 {[%emt 0:00:12]} f4 {[%emt 0:00:46]} 41. Ra1 {[%emt 0:00:14]} Qxa1 {[%emt 0:00:21]} 42. Qf2 {[%emt 0:00:01]} g5 {[%emt 0:00:20]} 43. Qc5 {[%emt 0:00:03]} Qd4 {[%emt 0:00:09]} 44. Qc6+ {[%emt 0:00:01]} Kg7 {[%emt 0:00:04]} 45. Qc7+ {[%emt 0:00:05]} Kf6 {[%emt 0:00:06]} 46. Qc6+ {[%emt 0:00:09]} Ke7 {[%emt 0:00:03]} 47. Qc7+ {[%emt 0:00:03]} Ke6 {[%emt 0:00:13]} 48. Qc6+ {[%emt 0:00:21]} Qd6 {[%emt 0:00:09]} 49. Qe8+ {[%emt 0:00:03]} Qe7 {[%emt 0:00:03]} 50. Qc8+ {[%emt 0:00:36]} Kf7 {[%emt 0:00:09]} 51. Qf5+ {[%emt 0:00:10]} Kg7 {[%emt 0:00:01]} 0-1

[Event "RUS-ch Women Rapid 2019"]
[Site "Sochi"]
[Date "2019.10.16"]
[Round "11.6"]
[White "Garifullina, Leya"]
[Black "Ambartsumova, Karina"]
[Result "0-1"]
[WhiteElo "2330"]
[BlackElo "2336"]
[Annotator "NA"]
[PlyCount "172"]
[EventDate "2019.10.15"]
[EventType "swiss"]
[EventCountry "RUS"]
[SourceTitle "playchess.com"]
[Source "ChessBase"]
[SourceQuality "1"]
[TimeControl "900+10"]

1. e4 {[%emt 0:00:00]} e5 {[%emt 0:00:00]} 2. Nf3 {[%emt 0:00:00]} Nc6 {[%emt 0:00:00]} 3. Bb5 {[%emt 0:00:00]} Nf6 {[%emt 0:00:32]} 4. d3 {[%emt 0:00:02]} d6 {[%emt 0:00:07]} 5. O-O {[%emt 0:00:13]} Bd7 {[%emt 0:00:53]} 6. c3 {[%emt 0:00:07]} g6 {[%emt 0:00:02]} 7. Nbd2 {[%emt 0:00:09]} Bg7 {[%emt 0:00:02]} 8. d4 {[%emt 0:00:05]} O-O {[%emt 0:00:56]} 9. dxe5 {[%emt 0:00:06]} Nxe5 {[%emt 0:01:44]} 10. Bxd7 {[%emt 0:00:02]} Nexd7 {[%emt 0:00:23]} 11. Re1 {[%emt 0:00:36]} Re8 {[%emt 0:00:03]} 12. Qc2 {[%emt 0:00:02]} a5 {[%emt 0:00:54]} 13. Nf1 {[%emt 0:00:10]} Nc5 {[%emt 0:00:22]} 14. Ng3 {[%emt 0:00:03]} Qd7 {[%emt 0:01:10]} 15. Bg5 {[%emt 0:00:26]} h6 {[%emt 0:00:28]} 16. Bxf6 {[%emt 0:00:40]} Bxf6 {[%emt 0:00:01]} 17. Rad1 {[%emt 0:00:03]} Qb5 {[%emt 0:00:59]} 18. Nd4 {[%emt 0:01:19]} Qb6 {[%emt 0:00:12]} 19. Nde2 {[%emt 0:00:06]} Ne6 {[%emt 0:00:46]} 20. Nc1 {[%emt 0:00:29]} Bg7 {[%emt 0:00:08]} 21. Nd3 {[%emt 0:00:02]} Rad8 {[%emt 0:00:48]} 22. c4 {[%emt 0:01:36]} c6 {[%emt 0:00:47]} 23. b3 {[%emt 0:00:16]} Qa7 {[%emt 0:01:08]} 24. Qd2 {[%emt 0:01:20]} a4 {[%emt 0:00:16]} 25. Nf4 {[%emt 0:00:06]} Nd4 {[%emt 0:01:04]} 26. Nfe2 {[%emt 0:00:29]} Nxe2+ {[%emt 0:00:07]} 27. Rxe2 {[%emt 0:00:03]} axb3 {[%emt 0:00:05]} 28. axb3 {[%emt 0:00:01]} Qa3 {[%emt 0:00:21]} 29. Re3 {[%emt 0:00:13]} Bf8 {[%emt 0:01:05]} 30. Rd3 {[%emt 0:00:03]} Ra8 {[%emt 0:00:13]} 31. Qf4 {[%emt 0:00:16]} Qb2 {[%emt 0:00:28]} 32. h3 {[%emt 0:00:35]} Qe5 {[%emt 0:00:09]} 33. Qg4 {[%emt 0:00:12]} h5 {[%emt 0:00:20]} 34. Qd7 {[%emt 0:00:07]} Rab8 {[%emt 0:01:04]} 35. Rf3 {[%emt 0:00:43]} Qe7 {[%emt 0:01:14]} 36. Qxe7 {[%emt 0:00:02]} Bxe7 {[%emt 0:00:02]} 37. Rfd3 {[%emt 0:00:49]} Ra8 {[%emt 0:00:02]} 38. Nf1 {[%emt 0:02:06]} Bf8 {[%emt 0:00:08]} 39. f3 {[%emt 0:00:06]} Ra2 {[%emt 0:00:06]} 40. R1d2 {[%emt 0:00:03]} Rea8 {[%emt 0:00:22]} 41. Rxa2 {[%emt 0:00:51]} Rxa2 {[%emt 0:00:01]} 42. h4 {[%emt 0:00:24]} Be7 {[%emt 0:00:03]} 43. g3 {[%emt 0:00:02]} Kf8 {[%emt 0:00:54]} 44. Rd2 {[%emt 0:00:04]} Ra3 {[%emt 0:00:18]} 45. Rd3 {[%emt 0:00:02]} Ke8 {[%emt 0:00:12]} 46. Kf2 {[%emt 0:00:03]} Ra2+ {[%emt 0:00:16]} 47. Rd2 {[%emt 0:00:02]} Rxd2+ {[%emt 0:00:43]} 48. Nxd2 {[%emt 0:00:01]} Kd7 {[%emt 0:00:00]} 49. Ke3 {[%emt 0:00:41]} Bd8 {[%emt 0:00:04]} 50. Nb1 {[%emt 0:00:44]} Bb6+ {[%emt 0:00:12]} 51. Kf4 {[%emt 0:00:07]} Bf2 {[%emt 0:00:09]} 52. Nc3 {[%emt 0:00:04]} Be1 {[%emt 0:00:36]} 53. Nd1 {[%emt 0:00:12]} Bd2+ {[%emt 0:00:07]} 54. Ne3 {[%emt 0:00:01]} f6 {[%emt 0:00:13]} 55. g4 {[%emt 0:00:44]} g5+ {[%emt 0:00:05]} 56. hxg5 {[%emt 0:00:02]} fxg5+ {[%emt 0:00:16]} 57. Kxg5 {[%emt 0:00:02]} Bxe3+ {[%emt 0:00:01]} 58. Kxh5 {[%emt 0:00:02]} Ke6 {[%emt 0:00:08]} 59. g5 {[%emt 0:00:02]} b5 {[%emt 0:00:21]} 60. cxb5 {[%emt 0:00:01]} cxb5 {[%emt 0:00:01]} 61. Kg4 {[%emt 0:00:02]} Ke5 {[%emt 0:00:03]} 62. g6 {[%emt 0:00:07]} Kf6 {[%emt 0:00:05]} 63. g7 {[%emt 0:00:03]} Kxg7 {[%emt 0:00:02]} 64. Kf5 {[%emt 0:00:03]} Kf7 {[%emt 0:00:03]} 65. e5 {[%emt 0:00:06]} dxe5 {[%emt 0:00:17]} 66. Kxe5 {[%emt 0:00:03]} b4 {[%emt 0:00:12]} 67. Kf5 {[%emt 0:00:36]} Bd4 {[%emt 0:00:07]} 68. Ke4 {[%emt 0:00:01]} Bc3 {[%emt 0:00:02]} 69. Kf5 {[%emt 0:00:04]} Ke7 {[%emt 0:00:08]} 70. f4 {[%emt 0:00:04]} Bd2 {[%emt 0:00:24]} 71. Ke4 {[%emt 0:00:06]} Kf6 {[%emt 0:00:04]} 72. f5 {[%emt 0:00:06]} Bc1 {[%emt 0:00:03]} 73. Kd3 {[%emt 0:00:09]} Kxf5 {[%emt 0:00:03]} 74. Kc4 {[%emt 0:00:01]} Bd2 {[%emt 0:00:01]} 75. Kd3 {[%emt 0:00:01]} Bc3 {[%emt 0:00:02]} 76. Ke3 {[%emt 0:00:02]} Ke5 {[%emt 0:00:02]} 77. Kd3 {[%emt 0:00:01]} Kf4 {[%emt 0:00:02]} 78. Kc2 {[%emt 0:00:03]} Ke3 {[%emt 0:00:00]} 79. Kc1 {[%emt 0:00:02]} Bf6 {[%emt 0:00:07]} 80. Kc2 {[%emt 0:00:01]} Ke2 {[%emt 0:00:01]} 81. Kc1 {[%emt 0:00:03]} Kd3 {[%emt 0:00:03]} 82. Kb1 {[%emt 0:00:03]} Kc3 {[%emt 0:00:03]} 83. Ka2 {[%emt 0:00:01]} Be7 {[%emt 0:00:03]} 84. Kb1 {[%emt 0:00:02]} Kxb3 {[%emt 0:00:01]} 85. Ka1 {[%emt 0:00:01]} Bf6+ {[%emt 0:00:01]} 86. Kb1 {[%emt 0:00:01]} Ka3 {[%emt 0:00:02]} 0-1